| 000 | 02171cam a2200313Ii 4500 | ||
|---|---|---|---|
| 001 | 991107267040506196 | ||
| 005 | 20251022142534.0 | ||
| 008 | 211024t20222022enka b 001 0 eng d | ||
| 020 | _a9781399402330 | ||
| 035 |
_a(OCoLC)1280276746 _z(OCoLC)1280197591 |
||
| 035 | _a(OCoLC)on1280276746 | ||
| 040 |
_aYDX _beng _erda _cYDX _dBDX _dUKMGB _dOCLCF _dNYP _dNZAUC _dDCK _dCaOTUIR |
||
| 041 | _aeng | ||
| 050 | 4 |
_aBF575.A85 _bA876 2022 |
|
| 110 |
_aBloomsbury (Firm) _epublisher _926264 |
||
| 245 | 0 | 0 |
_aAssert yourself _b: how to find your voice and make your mark. |
| 250 | _aRevised and updated edition. | ||
| 260 |
_aLondon : _bBloomsbury Business, _c2022. |
||
| 300 |
_a95 pages : _billustrations ; _c18 cm |
||
| 490 | _aBusiness essentials | ||
| 500 | _a"First published in Great Britain in 2009 by Bloomsbury Publishing Plc"--Title page verso | ||
| 504 | _aIncludes bibliographical references (pages 93-94) and index | ||
| 505 | 0 | _aHow assertive are you? — 1. Communicating assertively at work — 2. Developing presence — 3. Building confidence at work — 4. Managing others' perceptions — 5. Using non-verbal communication — 6. Dealing with stressful relationships and bullying — 7. Improving leadership skills — 8. Negotiating the pay rise you deserve — Where to find more help — Index. | |
| 520 | _aThe essential guide to making your voice heard and having your efforts recognised. Do you find it hard to say 'no'? Are you tongue-tied in important meetings? Bored of 'mansplaining' when you know that you're the best qualified person on a particular topic? Understanding the difference between being assertive and being aggressive can be a crucial lesson on your career journey, and Assert Yourself can help you find your voice and stand up for yourself. Full of practical advice on how to change the way you work and live for the better, the book contains a self-assessment quiz, step-by-step guidance, top tips, common mistakes and advice on how to avoid them, and summaries of key points. | ||
| 650 | 0 |
_aSelf-confidence _98845 |
|
| 650 | 0 |
_aSuccess in business _91506 |
|
| 650 | 0 |
_aAssertiveness (Psychology) _925973 |
|
| 942 | _2lcc | ||
| 999 |
_c5078 _d5078 |
||